Histoire de Paris, (Record no. 16727)
[ view plain ]
| 000 -LEADER | |
|---|---|
| fixed length control field | 00312cam a22001211i 4500 |
| 040 ## - CATALOGING SOURCE | |
| Transcribing agency | A |
| 082 ## - DEWEY DECIMAL CLASSIFICATION NUMBER | |
| Classification number | 944 NAG 1950 A114 Or. |
| 100 2# - MAIN ENTRY--AUTHOR NAME | |
| Personal name | Bernard-Derosne, Sabine, |
| 245 10 - TITLE STATEMENT | |
| Title | Histoire de Paris, |
| Remainder of title | racontée aux enfants / |
| 260 ## - PUBLICATION, DISTRIBUTION, ETC. (IMPRINT) | |
| Place of publication | Paris : |
| Name of publisher | Nagel, |
| Year of publication | c1950. |
| 300 ## - PHYSICAL DESCRIPTION | |
| Number of Pages | 196 p. : |
| Other physical details | ill. ; |
| Dimensions | 22 cm. |
| 942 ## - ADDED ENTRY ELEMENTS (KOHA) | |
| Koha item type | សៀវភៅភាសាបារាំង |
| 952 ## - LOCATION AND ITEM INFORMATION (KOHA) | |
| Withdrawn status [LOCAL, KOHA] | 0 |
| Permanent Location | Date acquired | Koha item type | Lost status | Shelving location | Barcode | Current Location | Full call number |
|---|---|---|---|---|---|---|---|
| Library Block A | 2018-03-30 | សៀវភៅភាសាបារាំង | A087 | A24895 | Library Block A | 944 NAG 1950 A087 Or. |